Statistics for Messi Trivia #2

Click here to take the quiz!

General Stats

  • This quiz has been taken 20 times
  • The average score is 12 of 15

Answer Stats

HintAnswer% Correct
How old was Messi when he moved to Spain to pursue the professional career path?13 Years Old
89%
What age did he make his national team debut?16 Years Old
89%
What year did Messi last win the UCL?2015
89%
How many UCL's does Messi have (Only 1 behind CR7)?4
89%
What large sports brand is Messi partnered with?Adidas
89%
Who is Messi's wife?Antonela Roccuzzo
89%
What team does Messi currently play for?PSG
89%
What team beat Messi and Barcelona 8-2 in the UCL?Bayern Munich
83%
What City/Town was Messi Born in?Rosario Argentina
83%
What crime was he accused of in 2016?Tax Evasion
83%
What famous striking trio was Messi apart of in 2014-2017MSN
78%
What did he sign his first pro contract on?Napkin
78%
What team did Messi score arguably the greatest solo dribbling goal of all time against in 2007?Getafe
67%
What health condition did Messi get diagnosed with when he was a child?Growth Hormone Deficiency
67%
What is Messi's current Net Worth? (2023)620 Million Dollars
17%

Score Distribution

Percentile by Number Answered

Percent of People with Each Score

Your Score History

You have not taken this quiz